| 000 | 00748 a2200289 4500 | ||
|---|---|---|---|
| 001 | 114303 | ||
| 020 | _a9780439635691 (hardcover : alk. paper) | ||
| 020 | _a9781415554319 (Follett bdg.) | ||
| 041 | _aeng | ||
| 082 | _a[E] | ||
| 092 | _a2003025105 | ||
| 100 | _aWood, Audrey. | ||
| 250 | _a. ed. | ||
| 300 | _a[32] p. | ||
| 697 | _aFishes | ||
| 697 | _aStories in rhyme. | ||
| 697 | _aCounting. | ||
| 697 | _aCoral reefs and islands - Fiction. | ||
| 697 | _aCoral reefs and islands | ||
| 697 | _aFishes - Fiction. | ||
| 856 | _u000025/00002546.jpg | ||
| 040 |
_aBR-BrIDEA _cBR-BrIDEA |
||
| 090 |
_aAP Nursery [E] _bWOO |
||
| 245 | 1 | 0 |
_aTen little fish _c Audrey Wood |
| 260 |
_aNew York _bBlue Sky Press _c2004 |
||
| 942 | _cBK | ||
| 999 |
_c114303 _d114303 |
||